000
00308nam a2200121Ia 4500
999
_c
13111
_d
13111
082
_a
RR 330.954 ECO-
100
_a
India. Ministry of Finance, Ec
245
0
_a
Economic survey: 2003 - 2004
260
_a
New Delhi
_b
Standard Book
_c
2003
300
_a
234
650
_a
India
_v
Economic conditions
942
_c
BK